Petit Bac #12 - Capitales Européennes - Statistiques

Statistiques générales
  • Ce quiz a été pris 8 364 fois
  • Le résultat moyen est 13 sur 15
Statistiques - réponses
1ère Lettre Capitale % Correct
B Berlin / Bruxelles / Budapest / Bucarest / Belgrade / Bratislava / Berne
99%
L Luxembourg / La Valette / Lisbonne / Londres / Ljubljana
98%
P Paris / Pristina / Podgorica / Prague
98%
M Minsk / Madrid / Monaco / Moscou
97%
A Andorre-la-Vieille / Athènes / Amsterdam
92%
R Reykjavik / Rome / Riga
92%
V Vienne / Vaduz / Vilnius / Varsovie
90%
S Sarajevo / Sofia / Skopje / Saint-Marin / Stockholm
89%
O Oslo
85%
Z Zagreb
82%
D Dublin
80%
H Helsinki
80%
C Copenhague / Chișinău / Cité du Vatican
78%
K Kiev
72%
T Tirana / Tallinn
71%
Aucun quiz correspondant
Distribution des résultats
% des personnes avec chaque résultat
Percentile par nombre de réponses
Votre historique - résultats
Vous n’avez pas pris ce quiz